Countries Served by Boston Logan - Statistics

General Stats
  • This quiz has been taken 287 times
  • The average score is 22 of 31
Answer Stats
Country % Correct
Canada
97%
United Kingdom
97%
Mexico
96%
France
95%
Spain
95%
Germany
92%
Italy
90%
Portugal
90%
Ireland
89%
Japan
89%
Netherlands
86%
China
85%
Iceland
79%
Bahamas
77%
Denmark
77%
United States
76%
Jamaica
73%
Norway
73%
Switzerland
73%
Turkey
70%
Dominican Republic
66%
United Arab Emirates
66%
Panama
62%
Barbados
59%
Israel
56%
Costa Rica
52%
Qatar
45%
Aruba
33%
St. Lucia
33%
Hong Kong
20%
Sint Maarten
14%
No matching quizzes found
Score Distribution
Percent of People with Each Score
Percentile by Number Answered
Your Score History
You have not taken this quiz